000 00756nam a2200265Ia 4500
003 OSt
005 20220918164805.0
006 a|||||r|||| 00| 0
007 ta
008 220917b |||||||| |||| 00| 0 eng d
020 _a076192275X (pbk)
024 _a195,295
037 _cTextual
040 _aARTS
_cARTS
_beng
041 _2eng
_aeng
082 _aS:44, P1
100 _aHastie Reid
_920790
245 0 _aRational choice in an uncertain world
_b the psychology of judgment and decision making
260 _aLondon
_bSage Publications
_c2001
300 _a372p.
_ccm.
650 _aPSYCHOLOGY
700 _a Dawes Robyn M.
_920791
942 _hS:44, P1
_cTEXL
_2CC
999 _c126622
_d126622